000 00472nam a2200181Ia 4500
005 20250923144317.0
008 008 250917s9999 xx 000 0 eng d
037 _aTextual
040 _aDSWL
_beng
_cDSWL
041 _aeng
_2eng
084 _qDSWL
100 _aNehru, Krishna
_9823525
245 0 _aWith no regrets
_cby Krishna Nehru
260 _aNew York
_b John Day Co.
_c1945
300 _a160 p.
942 _cTEXL
999 _c1437300
_d1437300